• 首页
  • 本馆介绍
  • 公告通知
  • 最新文献
  • 馆藏检索
  • 电子资源
  • 读者导购
  • 参考咨询
  • 我的图书馆
  • 登录
  • 详细信息显示
  • 放入我的书架
  • 预约/预借图书
  • 作者相关作品
  • 分类相关作品
  • 丛书相关作品
  • 出版社相关作品

书目信息

  • 表格格式
  • 工作单格式
  • 卡片格式
题名:
集体意向性研究
    
 
作者: 柳海涛, 著
分册:  
出版信息: 北京   中国社会科学出版社  2018
页数: 244页
开本: 24cm
丛书名: 西方哲学研究丛书
单 册:
中图分类: B822.2
科图分类:
主题词: 集体主义--ji ti zhu yi--研究
电子资源:
ISBN: 978-7-5203-1808-2
000 01402nam 2200289 450
001 012001000648
005 20131024105756.0
010    @a978-7-5203-1808-2@dCNY68.00
099    @aCAL 012018061248
100    @a20180525d2018 em y0chiy50 ea
101 0  @achi
102    @aCN@b110000
105    @aa a 000yy
106    @ar
200 1  @a集体意向性研究@Aji ti yi xiang xing yan jiu@f柳海涛著
210    @a北京@c中国社会科学出版社@d2018
215    @a244页@c图@d24cm
225 2  @a西方哲学研究丛书@Axi fang zhe xue yan jiu cong shu
300    @a国家社科基金项目“集体意向研究”(12CZX017)资助 重庆市高校思想政治理论课教学科研示范团队资助项目
320    @a有书目 (第234-244页)
330    @a集体意向性是当代心灵哲学和社会科学哲学兴起的一个热点问题,本书就集体意向性的起源、主要理论、研究进路、争论难点以及由集体意向性引发的其他问题进行了深入的研究。全书分为五章,第一章介绍当前主要的集体意向性理论,第二章介绍其他领域对集体意向性的研究,第三章分析集体意向性的本质,第四章讨论集体意向性与社会,第五章论述集体意向性与社会实在、语言、世界的层次结构、知觉等问题的关系。本书围绕集体意向性展开了系统的综合性研究,对哲学、心理学、社会学、经济学等领域都具有一定的参考价值。
410  0 @12001 @a西方哲学研究丛书
606 0  @a集体主义@Aji ti zhu yi@x研究
690    @aB822.2@v5
701  0 @a柳海涛,@Aliu hai tao@f1977-@4著
801  0 @aCN@b江苏凤凰@c20191020
905    @b1220801-4@dB822.2@e1581@f4
    
    集体意向性研究/柳海涛著.-北京:中国社会科学出版社,2018
    244页:图;24cm.-(西方哲学研究丛书)
    国家社科基金项目“集体意向研究”(12CZX017)资助 重庆市高校思想政治理论课教学科研示范团队资助项目
    
    ISBN 978-7-5203-1808-2:CNY68.00
    集体意向性是当代心灵哲学和社会科学哲学兴起的一个热点问题,本书就集体意向性的起源、主要理论、研究进路、争论难点以及由集体意向性引发的其他问题进行了深入的研究。全书分为五章,第一章介绍当前主要的集体意向性理论,第二章介绍其他领域对集体意向性的研究,第三章分析集体意向性的本质,第四章讨论集体意向性与社会,第五章论述集体意向性与社会实在、语言、世界的层次结构、知觉等问题的关系。本书围绕集体意向性展开了系统的综合性研究,对哲学、心理学、社会学、经济学等领域都具有一定的参考价值。
●
相关链接 在E读中查询图书 在五车中查询图书 在当当中查询图书 在豆瓣中查询图书


正题名:集体意向性研究     索取号:B822.2/1581         预约/预借

序号 登录号 条形码 馆藏地/架位号 状态 备注
1 1220801   212208010   第一样本阅览室/ [索取号:B822.2/1581] 在馆    
2 1220802   212208029   教育系资料室/ [索取号:B822.2/1581] 在馆    
3 1220803   212208038   教育系资料室/ [索取号:B822.2/1581] 在馆    
4 1220804   212208047   第一借阅区/ [索取号:B822.2/1581] 在馆    
唐山师范学院图书馆 欢迎您!
大连网信软件有限公司© 版权所有